000 00514nam a2200181 i 4500
001 130342
003 ES-MaACL
005 20230906193719.0
007 t|
008 070726q1950 sp ||||1| spa d
100 1 _aZamarripa y Uraga, Pablo de.
_9117900
245 1 0 _aGramática vasca /
_cpor... Pablo de Zamarripa y Uraga.
250 _a7ª ed.
260 _aBilbao :
_bVerdes,
_c1950.
300 _a302 p. ;
_c21 cm.
650 1 4 _aLengua vasca-
_xGramática.
_914337
852 _aES-MaACL
_jC-10401
_bR.38343
999 _c130342
_d130342